000 00384 a2200169 4500
001 195199
020 _a978-85-7302-836-2
040 _cMagnum
100 _aTorero, José Roberto
240 1 0 _aO pequeno rei e o parque real
_l
245 1 0 _aO pequeno rei e o parque real
300 _a48
362 0 _a2007
440 1 _aObjetiva
697 _aLITERATURA INFANTO
942 _cBK
999 _c195199
_d195199